BTS Into the Sun - Lyrics - Statistics

General Stats
  • This quiz has been taken 3 times
  • The average score is 115 of 207
Answer Stats
Lyrics % Correct
the
100%
you
100%
you,
100%
You
100%
(You,
100%
(You),
100%
and
67%
And
67%
call,
67%
care
67%
care,
67%
Dark
67%
days,
67%
don't
67%
Don't
67%
far
67%
find
67%
follow
67%
go
67%
how
67%
I
67%
I'll
67%
into
67%
Into
67%
Just
67%
run
67%
sun
67%
sun,
67%
(Sun,
67%
wait,
67%
Baby,
33%
be
33%
behind
33%
dawn
33%
feel,
33%
feel
33%
honey
33%
If
33%
if
33%
I'm
33%
knows
33%
like
33%
me
33%
me,
33%
need?
33%
never
33%
Never
33%
No
33%
no
33%
Nobody
33%
oh,
33%
one
33%
ooh
33%
(Ooh)
33%
ooh)
33%
ready
33%
remind
33%
someone
33%
Tell
33%
there
33%
to
33%
too
33%
wanna
33%
want
33%
want?
33%
what
33%
with
33%
24/7
0%
afraid,
0%
ah)
0%
are
0%
chase
0%
dying
0%
every
0%
feeling
0%
Fires
0%
hm
0%
mm
0%
night
0%
no-oh-oh
0%
of,
0%
of
0%
ooh-woah
0%
out
0%
thinkin'
0%
time
0%
Twenty-four,
0%
twenty-four
0%
(Twenty-four)
0%
uh,
0%
uh
0%
we
0%
(Yeah)
0%
No matching quizzes found
Score Distribution
Percent of People with Each Score
Percentile by Number Answered
Your Score History
You have not taken this quiz